Komparatívna analýza demografického vývoja vybraných krajín EÚ
Článok sa zaoberá porovnaním súčasnej demografickej situácie a poukazuje na rozdiely v štátoch Vyšegrádskej štvorky. Analýza vekovej štruktúry. Vývoj stavu populácie je ukázaný pomocou analýzy časových radov.
Saved in:
| Main Author: | |
|---|---|
| Other Authors: | |
| Format: | Book Chapter |
| Language: | Slovak |
| Subjects: | |
| Tags: |
No Tags, Be the first to tag this record!
|
MARC
| LEADER | 00000naa$a2200000$$$4500 | ||
|---|---|---|---|
| 001 | 0088987 | ||
| 005 | 20220715093707.8 | ||
| 041 | 0 | |a slo | |
| 044 | |a SK | ||
| 245 | 1 | 0 | |a Komparatívna analýza demografického vývoja vybraných krajín EÚ |c Zuzana Poláková, Eva Matejková |
| 520 | |a Článok sa zaoberá porovnaním súčasnej demografickej situácie a poukazuje na rozdiely v štátoch Vyšegrádskej štvorky. Analýza vekovej štruktúry. Vývoj stavu populácie je ukázaný pomocou analýzy časových radov. | ||
| 610 | 2 | 0 | |a vývoj populačný |
| 610 | 2 | 0 | |a vek |
| 610 | 2 | 0 | |a štruktúra obyvateľstva |
| 610 | 2 | 0 | |a starnutie populácie |
| 610 | 2 | 0 | |a demografia |
| 610 | 2 | 0 | |a Vyšehradská štvorka |
| 610 | 2 | 0 | |a analýza korelačná |
| 610 | 2 | 0 | |a analýza regresná |
| 610 | 2 | 0 | |a analýza komparatívna |
| 610 | 2 | 0 | |a analýza radov časových |
| 610 | 2 | 0 | |a metódy štatistické |
| 610 | 2 | 0 | |a štatistika |
| 100 | 1 | |a Poláková, Zuzana | |
| 700 | 1 | |a Matejková, Eva | |